banner koha

Pythiosis with atypical location in the soft palate in a horse in Southern Brazil (Registro n. 301089)

MARC details
000 -LÍDER
fixed length control field 02220nab a2200289 i 4500
003 - CÓDIGO MARC DA AGÊNCIA CATALOGADORA
Campo de controle BR-BrBNA
005 - DATA E HORA DA ÚLTIMA ATUALIZAÇÃO
Campo de controle 20240902122217.0
008 - CAMPO DE TAMANHO FIXO
fixed length control field 240902b2018 bl.|r|pooa||| 00| 0 eng |
040 ## - FONTE DA CATALOGAÇÃO
Agência catalogadora BR-BrBNA
Idioma da catalogação eng
072 ## - CATEGORIA AGRIS
Código AGRIS L73
Código do objeto 5120
100 ## - ENTRADA PRINCIPAL - NOME PESSOAL
Nome pessoal Rossato, C.K.
100 ## - ENTRADA PRINCIPAL - NOME PESSOAL
Nome pessoal Fiss, L.
100 ## - ENTRADA PRINCIPAL - NOME PESSOAL
Nome pessoal Sperotto, V.R.
100 ## - ENTRADA PRINCIPAL - NOME PESSOAL
Nome pessoal Cardona, R.O.C.
100 ## - ENTRADA PRINCIPAL - NOME PESSOAL
Nome pessoal Silva, R.B.
245 ## - TÍTULO PRINCIPAL
Título principal Pythiosis with atypical location in the soft palate in a horse in Southern Brazil
500 ## - NOTA GERAL
Nota geral <br/>Publicação online; 12 ref.; Summary (Pt)
942 ## - ADDED ENTRY ELEMENTS (KOHA)
Koha item type
520 ## - NOTA DE RESUMO
Nota de conteúdo <br/><br/>RESUMO - A pitiose é uma enfermidade piogranulomatosa causada pelo oomiceto aquático Pythium insidiosum, que acomete várias espécies domésticas, assim como a humana. O presente relato refere-se à descrição de um caso de pitiose em um equino, fêmea, da raça Crioula, criado na região Sul do Brasil com história clínica de emagrecimento progressivo, disfagia e dificuldade respiratória. Macroscopicamente, o palato mole estava aumentado de tamanho e deslocado caudalmente, resultando em obstrução física da nasofaringe. Ao corte, essa massa era branca-amarelada, fibrosa e com áreas de ulceração. Na análise histopatológica, havia inflamação piogranulomatosa, com focos necróticos associados a imagens negativas tubuliformes de hifas fúngicas. A coloração de Grocott demonstrou inúmeras hifas septadas e ramificadas, as quais foram marcadas positivamente para anticorpos contra P. insidiosum na imunohistoquímica. O diagnóstico de pitiose foi baseado nos achados macro e microscópicos e confirmado pela técnica de imuno-histoquímica.<br/><br/><br/>Palavras-chave: equino, pitiose atípica, Pythium insidiosum, imuno-histoquímica
650 ## - ASSUNTO - THESAGRO
Cabeçalho tópico ou nome geográfico CAVALO
650 ## - ASSUNTO - THESAGRO
Cabeçalho tópico ou nome geográfico DOENÇA ANIMAL
650 ## - ASSUNTO - THESAGRO
Cabeçalho tópico ou nome geográfico LESÃO
650 ## - ASSUNTO - THESAGRO
Cabeçalho tópico ou nome geográfico HISTOPATOLOGIA
773 0# - ENTRADA ANALÍTICA
Host Biblionumber 1643
Registro do item 317355
Imprenta Belo Horizonte-MG Universidade Federal de Minas Gerais - Escola de Veterinaria 1983
Outro identificador 2024-4007
Título Arquivo Brasileiro de Medicina Veterinária e Zootecnia (Brazil)
ISSN 0102-0935
Colação v. 70(2) p. 641-643; (2018)
Número de controle de registro BR2024002350
856 ## - ACESSO E ENDEREÇO ELETRÔNICO
Identificador uniforme de recurso - URI https://www.scielo.br/j/abmvz/a/WQFYX48yBKjb9jH378RL5yH/?format=pdf&lang=en

Nenhum exemplar disponível.

BINAGRI

Telefone: (61)3218-2567/2388/3357/2097 - binagri@agro.gov.br

Ministério da Agricultura e Pecuária , Esplanada dos Ministérios, Bloco D, Anexo B, Brasília/DF, CEP: 70.043-900